Espiritualidad en Alemania (Record no. 189973)

MARC details
000 -LEADER
campo de control de longitud fija 00766nam a2200217 i 4500
001 - NÚMERO DE CONTROL
campo de control 189973
003 - IDENTIFICADOR DE NÚMERO DE CONTROL
campo de control ES-MaACL
005 - FECHA Y HORA DE LA ÚLTIMA TRANSACCIÓN
campo de control 20250830054452.0
008 - DATOS DE LONGITUD FIJA--INFORMACIÓN GENERAL
campo de control de longitud fija 200302s1968 sp |||| | spa d
100 1# - ENTRADA PRINCIPAL--NOMBRE DE PERSONA
Nombre de persona Brockhusen, Gerda.
9 (RLIN) 169798
245 10 - MENCIÓN DEL TÍTULO
Título Espiritualidad en Alemania
Resto del título : corrientes modernas, Edith Stein /
Mención de responsabilidad, etc. Gerda Brockhusen ; [traducción de Jesús Mª Núñez Alonso].
260 ## - PUBLICACIÓN, DISTRIBUCIÓN, ETC.
Lugar de publicación, distribución, etc. Madrid :
Nombre del editor, distribuidor, etc. Edit. de Espiritualidad,
Fecha de publicación, distribución, etc. [1968]
300 ## - DESCRIPCIÓN FÍSICA
Extensión 192 p., 2 lám. ;
Dimensiones 18 cm.
490 1# - MENCIÓN DE SERIE
Mención de serie Logos ;
Designación de volumen o secuencia 4
600 14 - PUNTO DE ACCESO ADICIONAL DE MATERIA--NOMBRE DE PERSONA
Nombre de persona Edith Stein
Títulos y otros términos asociados al nombre Santa (
Fechas asociadas al nombre 1891-1942)
9 (RLIN) 46641
650 #7 - PUNTO DE ACCESO ADICIONAL DE MATERIA--TÉRMINO DE MATERIA
Término de materia o nombre geográfico como elemento de entrada Teología espiritual
Fuente del encabezamiento o término embne
9 (RLIN) 165809
700 1# - ENTRADA AGREGADA--NOMBRE PERSONAL
Nombre de persona Núñez Alonso, Jesús María.
9 (RLIN) 169799
830 0# - PUNTO DE ACCESO ADICIONAL DE SERIE-TÍTULO UNIFORME
Título uniforme Logos ;
Designación de volumen o secuencia 4
9 (RLIN) 183254
852 ## - LOCALIZACIÓN
Ubicación ES-MaACL
Número de control de estantería P-1403-4
Holdings
Estatus retirado Estado de pérdida Estado de daño No para préstamo Biblioteca de origen Biblioteca actual Ubicación en estantería Fecha de adquisición Fuente de adquisición Total de préstamos Signatura topográfica completa Código de barras Visto por última vez Precio de reemplazo Tipo de ítem Koha
        Biblioteca del Ateneo de Madrid Biblioteca del Ateneo de Madrid Depósito 2 21/05/2005     P-1403-4 1201617 23/02/2023 23/02/2023 Libro impreso